LDR 00810naa#a2200181#i#450# 001 RU\\bibl\121755 005 20260501163952.5 011 ## _a2658-638X 100 ## _a20251215b2025####ek#y0rusy0150####ca 102 ## _aRU 200 1# _aПсихологическая модель структуры ценностной сферы личности младших школьников _eЖурнальная статья 210 1# _aМосква _cМосковский университет МВД России имени В.Я. Кикотя _d2025 215 ## _a6 с. 608 ## _aЖурнальная статья _2local 675 ## _aФилософия. Психология. 1 _z 700 #1 _aАгапов _gВалерий Сергеевич 700 #1 _aОвда _gЛюбовь Георгиевна 856 4# _amosumvd.editorum.ru _u